Szczegóły MARC21

Iran - Irak, islam, wojna i polityka /

003 -Nazwa inst., której nr kontr. jest w polu 001 [,]
    • @
    • Nazwa instytucji, której n kontrolny jest w polu 001
    • NUKAT
005 -DATA I CZAS OSTATNIEJ MODYFIKACJI [,]
    • @
    • pole kontrolne
    • 20241231085844.0
020 -Międzynarod. znormalizowany nr książki - ISBN [ , ]
    • a
    • Numer ISBN
    • 8311067244 Find
040 -Instytucja sporządzająca opis [ , ]
    • a
    • Instytucja, która sporządziła opis (NP)
    • GD U/EN
    • c
    • Instytucja, która sporządziła rekord (NP)
    • GD U/EN
    • d
    • Instytucja, która zmodyfikowała rekord (P)
    • GD U/EN
    • d
    • Instytucja, która zmodyfikowała rekord (P)
    • GD U/BDs
942 -Rodzaj dokumentu [ , ]
    • c
    • Rodzaj dokumentu
    • Książka
100 -Hasło główne - nazwa osobowa [1, ]
    • a
    • Nazwa osobowa (NP)
    • Bukowski, Wojciech.
    • 9
    • KHW
    • 394763
245 -Strefa tytułu i oznaczenia odpowiedzialności [1,0]
    • a
    • Tytuł
    • Iran - Irak, islam, wojna i polityka / Find
    • c
    • Pozostałe elementy strefy tytułu i oznaczenia odpowiedzialności (NP)
    • Wojciech Bukowski.
246 -Wariant tytułu [3, ]
    • a
    • Tytuł (NP)
    • Iran-Irak, islam, wojna i polityka
260 -Strefa adresu wydawniczego [ , ]
    • a
    • Miejsce wydania (P)
    • Warszawa :
    • b
    • Nazwa wydawcy (P)
    • Wydawnictwo Ministerstwa Obrony Narodowej,
    • c
    • Data wydania (P)
    • 1981.
300 -Strefa opisu fizycznego [ , ]
    • a
    • Określenie formy książki i/lub objętość (NP)
    • 179, [1] s. ;
    • c
    • Format (NP)
    • 18 cm.
336 -Typ zawartości [ , ]
    • a
    • Termin opisujący typ zawartości
    • Tekst
    • b
    • Kod określający zawartość
    • txt
    • 2
    • Źródło (terminu i kodu)
    • rdacontent
337 -Typ mediów [ , ]
    • a
    • Tryb odtwarzania
    • Bez urządzenia pośredniczącego
    • b
    • Kod typu mediów
    • n
    • 2
    • Źródło (terminu i kodu)
    • rdamedia
338 -Typ/rodzaj nośnika [ , ]
    • a
    • Hasło opisujące typ nośnika
    • Wolumin
    • b
    • Kod typu nośnika
    • nc
    • 2
    • Źródło (terminu i kodu)
    • rdacarrier
490 -Strefa serii i książki wielotomowej - forma nie do wyszukiwania [1, ]
    • a
    • Tytuł (P)
    • IPO Ideologia, Polityka, Obronność Find
830 -Hasło dodatkowe serii i opisu książki wielotomowej - tytuł ujednolicony/tytuł [ ,0]
    • a
    • Tytuł ujednolicony/tytuł (NP)
    • IPO Ideologia, Polityka, Obronność
    • 9
    • KHW
    • 18492
650 -Hasło przedmiotowe [ ,7]
    • a
    • Hasło przedmiotowe
    • Szyizm
    • z
    • Określnik geograficzny
    • Irak.
    • 2
    • Źródło terminu
    • kaba
    • 9
    • KHW
    • 357021
650 -Hasło przedmiotowe [ ,7]
    • a
    • Hasło przedmiotowe
    • Szyizm
    • z
    • Określnik geograficzny
    • Iran.
    • 2
    • Źródło terminu
    • kaba
    • 9
    • KHW
    • 357020
651 -Hasło przedmiotowe w formie nazwy geograficznej [ ,7]
    • a
    • Nazwa geograficzna
    • Irak
    • x
    • Określnik rzeczowy
    • stosunki zagraniczne
    • z
    • Określnik geograficzny
    • Iran
    • y
    • Określnik chronologiczny
    • 1945-1990.
    • 2
    • Źródło terminu
    • kaba
    • 9
    • KHW
    • 357023
651 -Hasło przedmiotowe w formie nazwy geograficznej [ ,7]
    • a
    • Nazwa geograficzna
    • Iran
    • x
    • Określnik rzeczowy
    • stosunki zagraniczne
    • z
    • Określnik geograficzny
    • Irak
    • y
    • Określnik chronologiczny
    • 1945-1990.
    • 2
    • Źródło terminu
    • kaba
    • 9
    • KHW
    • 357022
710 -Hasło dodatkowe - nazwa ciała zbiorowego [2, ]
    • a
    • Nazwa ciała zbiorowego lub nazwa geograficzna jako pierwszy element (NP)
    • Wydawnictwo Ministerstwa Obrony Narodowej.
    • 4
    • Kod relacji
    • pbl
    • 9
    • KHW
    • 58095
920 -ISBN [ , ]
    • a
    • ISBN
    • 83-11-06724-4 Find
Sygnatura Numer inwentarzowy Uwagi nie widoczne w OPAC Status udost. Lokalizacja Data inwentaryzacji
 WM.20854 -3BG2018-02-22
Z.47886Z.47886 1BG 
327.0 / B-92ANS.148566retrokonwersja ANS1BNS